<?xml version="1.0" encoding="UTF-8"?>
<marc:record xmlns:marc="http://www.loc.gov/MARC21/slim">
   <marc:leader>00000nam a2200000 a 4500</marc:leader>
   <marc:datafield ind1="1" ind2=" " tag="100">
      <marc:subfield code="a">Abbott, Rachel</marc:subfield>
      <marc:subfield code="4">aut</marc:subfield>
      <marc:subfield code="e">Verfasser/-in</marc:subfield>
   </marc:datafield>
   <marc:datafield ind1="0" ind2="0" tag="245">
      <marc:subfield code="a">Wo die Angst beginnt</marc:subfield>
   </marc:datafield>
   <marc:datafield ind1="0" ind2="0" tag="245">
      <marc:subfield code="b">Thriller</marc:subfield>
   </marc:datafield>
   <marc:datafield ind1="0" ind2="0" tag="245">
      <marc:subfield code="c">Abbott, Rachel</marc:subfield>
   </marc:datafield>
   <marc:datafield ind1=" " ind2="1" tag="264">
      <marc:subfield code="a">München</marc:subfield>
      <marc:subfield code="b">Blanvalet</marc:subfield>
      <marc:subfield code="c">2019</marc:subfield>
   </marc:datafield>
   <marc:datafield ind1=" " ind2=" " tag="250">
      <marc:subfield code="a">1. Auflage, deutsche Erstausgabe</marc:subfield>
   </marc:datafield>
   <marc:datafield ind1="1" ind2=" " tag="520">
      <marc:subfield code="a">Angaben aus der Verlagsmeldung

Wo die Angst beginnt : Thriller And so it begins / von Rachel Abbott

Wer soll dir glauben, wenn der einzige Zeuge tot ist?

Nach dem schrecklichen Tod von Marks erster Frau war es Evie, die ihn zurück ins Leben brachte. Die beiden sind verliebt, sie haben eine kleine Tochter und leben zusammen in Marks wunderschönem Haus am Meer. Alles wirkt perfekt. Doch ist es das wirklich? Plötzlich scheint Evie immer öfter kleine Unfälle zu haben, hat immer wieder Verletzungen und blaue Flecke. Ist Mark dafür verantwortlich? Evies Freunde beginnen, sich Sorgen zu machen. Und eines nachts wird Sergeant Stephanie King zu dem Haus am Meer gerufen und entdeckt im Schlafzimmer zwei Körper in blutgetränkten Laken …

</marc:subfield>
   </marc:datafield>
   <marc:datafield ind1=" " ind2=" " tag="020">
      <marc:subfield code="a">9783734107337</marc:subfield>
      <marc:subfield code="9">9783734107337</marc:subfield>
   </marc:datafield>
   <marc:datafield ind1=" " ind2=" " tag="020">
      <marc:subfield code="a">3734107334</marc:subfield>
      <marc:subfield code="9">3734107334</marc:subfield>
   </marc:datafield>
   <marc:datafield ind1=" " ind2=" " tag="041">
      <marc:subfield code="a">ger</marc:subfield>
   </marc:datafield>
   <marc:datafield ind1=" " ind2=" " tag="300">
      <marc:subfield code="a">476 Seiten</marc:subfield>
   </marc:datafield>
</marc:record>
